[Event "Lamia ESSKE-ch"]
[Site "Lamia"]
[Date "2011.06.??"]
[Round "?"]
[White "Modiatis, Argiris"]
[Black "Gkonelas, Nikolaos"]
[Result "0-1"]
[WhiteElo "1717"]
[BlackElo "1992"]
[PlyCount "86"]
[EventDate "2011.06.??"]
[EventType "swiss"]
[EventRounds "7"]
[EventCountry "GRE"]
[SourceTitle "EXT 2024"]
[Source "ChessBase"]
[SourceDate "2023.10.10"]
[SourceVersion "1"]
[SourceVersionDate "2023.10.10"]
[SourceQuality "1"]

1. b4 d5 2. Bb2 Bf5 3. Nf3 e6 4. e3 Nf6 5. b5 Nbd7 6. Be2 h6 7. c4 Nb6 8. Qb3 dxc4 9. Bxc4 Nxc4 10. Qxc4 Bd3 11. Qb3 Qd5 12. Qxd5 Nxd5 13. a3 Bxb5 14. Nc3 Nxc3 15. Bxc3 Rg8 16. d4 Bd6 17. Nd2 f5 18. f4 g5 19. g3 Bc6 20. Rg1 gxf4 21. Nc4 fxg3 22. Nxd6+ cxd6 23. hxg3 Rc8 24. Kd2 Kd7 25. Raf1 Rg4 26. Rf4 Rcg8 27. Rxg4 Rxg4 28. Ke1 Rg5 29. Bd2 Rh5 30. g4 Rg5 31. e4 Rxg4 32. Rxg4 fxg4 33. Bxh6 Bxe4 34. Kd2 g3 35. Kc3 Kc6 36. Kb4 g2 37. Be3 Kd5 38. Kc3 a6 39. Kb4 Bd3 40. Ka5 Bb5 41. a4 Bc6 42. Kb4 Ke4 43. Bg1 Kf3 0-1